| 000 | 00927cab a22002415a 4500 | ||
|---|---|---|---|
| 001 | L154471 | ||
| 008 | 131211s2011 xxk 000 0 eng d | ||
| 035 | _a(Sirsi) u154471 | ||
| 041 | 0 | _aeng | |
| 100 | 1 | _aSmith, Shanna | |
| 245 | 0 | 0 | _aAnother nail in the coffin - tenancy deposit schemes |
| 260 | _c2011 | ||
| 490 | 0 |
_aHogan Lovells Real Estate Quarterly _vAutumn 2011, 12-14(3) |
|
| 520 | _aExplains how inadequacies and recent case law have eroded the powers of statutory tenancy deposit schemes. Provides a summary of current tenancy deposit schemes. | ||
| 590 | _aKA | ||
| 650 | 2 | 4 | _aTIENSIA V VISION ENTERPRISES LTD; HONEYSUCKLE PROPERTIES V FLETCHER |
| 650 | 2 | 4 | _aGLADEHURST PROPERTIES v HASHEMI AND ANOR |
| 650 | 2 | 4 | _aHOUSING ACT 2004 S213 |
| 650 | 2 | 4 | _aHOUSING ACT 2004 S214 |
| 651 | 4 |
_aEngland and Wales _y1543- |
|
| 690 | _aPROPERTY-RESIDENTIAL PROPERTY-RESIDENTIAL LANDLORD AND TENANT | ||
| 942 | _n0 | ||
| 999 |
_c83639 _d83639 |
||